Helder Cámara responde a Ulrich Stockmann (Record no. 38519)

MARC details
000 -LEADER
campo de control de longitud fija 00584nam a2200169 i 4500
001 - NÚMERO DE CONTROL
campo de control 38519
003 - IDENTIFICADOR DE NÚMERO DE CONTROL
campo de control ES-MaACL
005 - FECHA Y HORA DE LA ÚLTIMA TRANSACCIÓN
campo de control 20230906155755.0
007 - CAMPO FIJO DE DESCRIPCIÓN FÍSICA--INFORMACIÓN GENERAL
campo de control de longitud fija t|
008 - DATOS DE LONGITUD FIJA--INFORMACIÓN GENERAL
campo de control de longitud fija 030225s1972 sp ||||1| spa d
100 1# - ENTRADA PRINCIPAL--NOMBRE DE PERSONA
Nombre de persona Cámara, Helder
Títulos y otros términos asociados al nombre Arzobispo de Olinda-Recife.
9 (RLIN) 33983
245 13 - MENCIÓN DEL TÍTULO
Título Helder Cámara responde a Ulrich Stockmann
Resto del título : la revolución de los violentos /
Mención de responsabilidad, etc. Helder Cámara ; tradujo: José L. Dominguez Villar.
260 ## - PUBLICACIÓN, DISTRIBUCIÓN, ETC.
Lugar de publicación, distribución, etc. Pamplona :
Nombre del editor, distribuidor, etc. Dinor,
Fecha de publicación, distribución, etc. 1972.
300 ## - DESCRIPCIÓN FÍSICA
Extensión 83 p. ;
Dimensiones 18 cm.
700 1# - ENTRADA AGREGADA--NOMBRE PERSONAL
Nombre de persona Domínguez Villar, José L.
9 (RLIN) 45255
852 ## - LOCALIZACIÓN
Ubicación ES-MaACL
Número de control de estantería C-52642
Sublocalización o colección R.82776
Holdings
Estatus retirado Estado de pérdida Estado de daño No para préstamo Biblioteca de origen Biblioteca actual Ubicación en estantería Fecha de adquisición Fuente de adquisición Total de préstamos Signatura topográfica completa Código de barras Visto por última vez Precio de reemplazo Tipo de ítem Koha
        Biblioteca del Ateneo de Madrid Biblioteca del Ateneo de Madrid Depósito 2 17/01/2008     C-52642 1040553 23/02/2023 23/02/2023 Libro impreso